00647 a2200181 4500003000500000005001700005010001600022020001700038040000900055082001900064100002500083245007500108260003100183300003500214505015800249650003500407700002300442Nust20220803170125.0 a 80010220 a0471057444 : cNust00a621.380283,MON1 aMonzingo, Robert A.,10aIntroduction to adaptive arrayscRobert A. Monzingo, Thomas W. Miller. aNew York :bWiley,cc1980. axii, 543 p. :bill. ;c24 cm. aPart 1:- Adaptive Array (Page-3), Part 2:- Adaptive Algorithms (Page-155), Part 3:- Adaptive Array Compensation And Current Research Trends (Page-429). 0aTelecommunication Engineering.1 aMiller, Thomas W.,